CRC Handbook of Chemistry and Physics : 2004-2005 : A Ready-Reference Book of Chemical and Physical Data /

Manual formado por tablas de química y física, publicado por vez primera en 1913 y que es reeditado cada año. La edición 2004-2005 está organizada en 16 secciones y dos apéndices. Contenido: Constantes básicas, unidades y factores de conversión; Símbolos, terminología y nomenclatura; Constantes físi...

Descripció completa

Guardat en:
Dades bibliogràfiques
Altres autors: Lide, David R., hijo (edición) (edición), Sacks, Oliver W. (prólogo) (prólogo)
Format: Llibre
Idioma:anglès
Publicat: Boca Ratón, EUA : CRC Press, 2004, c2004
Edició:85a ed.
Matèries:
Etiquetes: Afegir etiqueta
Sense etiquetes, Sigues el primer a etiquetar aquest registre!

MARC

LEADER 00000nam^a2200000^a^4500
001 000184615
005 20250521000000.0
009 20260310102123.185
020 |a 0-8493-0485-7 
037 |a Acervo ITESO - Biblioteca 
041 |a ING 
082 |a 540. 212  |b CRC 2004 
240 1 1 |a [CRC Handbook of Chemistry and Physics] 
245 0 0 |a CRC Handbook of Chemistry and Physics :  |b 2004-2005 : A Ready-Reference Book of Chemical and Physical Data /  |c Ed. y pref. de D.R. Lide, hijo ; pról. de O.W. Sacks. 
250 |a 85a ed. 
264 4 |a Boca Ratón, EUA :  |b CRC Press,  |c 2004, c2004 
300 |a 1 v. (varias paginaciones) 
336 |a texto  |b txt  |2 rdacontenido 
337 |a sin mediación  |b n  |2 rdamedio 
338 |a volumen  |b nc  |2 rdasoporte 
520 |a Manual formado por tablas de química y física, publicado por vez primera en 1913 y que es reeditado cada año. La edición 2004-2005 está organizada en 16 secciones y dos apéndices. Contenido: Constantes básicas, unidades y factores de conversión; Símbolos, terminología y nomenclatura; Constantes físicas de los compuestos orgánicos; Propiedades de los elementos y de los compuestos inorgánicos; Termoquímica, electroquímica y cinética; Propiedades de los fluidos; Bioquímica; Química analítica; Estructura molecular y espectroscopia; Física atómica, molecular y óptica; Física nuclear y de partículas; Propiedades de los sólidos; Propiedades de los polímeros; Geofísica, astronomía y acústica; Datos prácticos de laboratorio; Salud e información de seguridad; Apéndice A: Tablas matemáticas; Apéndice B: Fuentes de datos físicos y químicos. 
649 |a XX 
650 |a Química -  |x Tablas -  |x Tema Principal 
650 |a Física -  |x Tablas -  |x Tema Principal 
650 |a Química -  |x Anuarios 
650 |a Física -  |x Anuarios 
700 |a Lide, David R.,  |c hijo  |e (edición) 
700 |a Sacks, Oliver W.  |e (prólogo) 
910 |a Fondo General 
920 |a Impresos - Libros 
930 |a Obras de Referencia 
905 |a 102 
901 |a 0500125543  |b IT2  |c REF  |u 20250521 
902 |a https://opac.biblio.iteso.mx/vufind/Record/000184615